Estadísticas para Nombra a los grupos de KPOP

Haz click aquí para intentar la prueba.

Estadísticas generales

  • Esta prueba ha sido intentada 137 veces
  • La puntuación promedio es 13 de 16

Estadísticas de respuestas

Respuesta% Correcto
BTS
100%
Blackpink
99%
Stray Kids
95%
Twice
94%
New Jeans
85%
AESPA
84%
Mamamoo
84%
(G)I-DLE
83%
Red Velvet
83%
EXO
77%
Big Bang
71%
Ateez
69%
GOT7
66%
Shinee
64%
Monsta X
61%
NCT127
56%

Distribución de puntuación

Porcentaje por número respondido

Porcentaje de gente con cada puntuación

Historial de tus puntuaciones

No has intentado esta prueba.